A study on linguistic features of expressions denoting love for nature in English and Vietnamese songs

Introduction; Literature review and theoretical background; Research design and methodology; ...

Gardado en:
Detalles Bibliográficos
Autor Principal: Ngô, Ánh Minh.
Outros autores: Nguyễn Văn Long, Ph.D. (Supervisor.)
Formato: Libro
Idioma:English
Publicado: Đà Nẵng : The University of Da Nang, 2015.
Những chủ đề:
Các nhãn: Engadir etiqueta
Sen Etiquetas, Sexa o primeiro en etiquetar este rexistro!
Thư viện lưu trữ: Mạng thư viện Đại học Đà Nẵng
LEADER 03178cam a22004091a 4500
001 000035485
003 11771
005 20221205144030.0
008 160107s2015 000 eng
040 |a LNN 
041 |a eng 
082 |a 420.4  |b NG-M 
100 1 |a Ngô, Ánh Minh. 
245 1 0 |a A study on linguistic features of expressions denoting love for nature in English and Vietnamese songs  |h [Thesis-Luận văn thạc sĩ] /  |c Ngô Ánh Minh ; Nguyễn Văn Long hướng dẫn. 
246 0 |a Nghiên cứu về các đặc điểm ngôn ngữ của các cụm từ nói về tình yêu thiên nhiên trong các bài hát tiếng Anh và tiếng Việt. 
260 |a Đà Nẵng :  |b The University of Da Nang,  |c 2015. 
300 |a 95p. : ;  |c 30cm+. 
500 |a Includes sources of songs and references. 
500 |a Master thesis in social sciences and humanities. Field: The English language.Code: 60.22.02.01. 
520 3 |a Introduction; Literature review and theoretical background; Research design and methodology; ... 
630 0 4 |a The English language. 
653 |a linguistic features  |a expressions denoting  |a English and Vietnamese songs 
700 1 |a Nguyễn Văn Long,  |c Ph.D.,  |e Supervisor. 
OWN |a LNN 
AVA |a UDN50  |b LNN  |c English  |d 420.4 NG-M  |e available  |t Error 5001 Not defined in file expand_doc_bib_avail.  |f 1  |g 0  |h N  |i 0  |j AN  |k 1 
Z40 3 |y A study on linguistic features of expressions denoting love for nature in English and Vietnamese son  |l Library of UFL  |t VIEW  |x http://catalog.udn.vn:80/F?func=service&doc_library=UDN01&local_base=UDN01&doc_number=000035485&sequence=000001&line_number=0001&func_code=DB_RECORDS&service_type=MEDIA  |f TOMTAT_000011541.pdf  |e pdf  |s 000503164  |k 20210801  |m NTMTHI 
Z40 3 |y A study on linguistic features of expressions denoting love for nature in English and Vietnamese son  |l Library of UFL  |t VIEW  |x http://catalog.udn.vn:80/F?func=service&doc_library=UDN01&local_base=UDN01&doc_number=000035485&sequence=000002&line_number=0002&func_code=DB_RECORDS&service_type=MEDIA  |f LUANVAN_000011543.pdf  |e pdf  |s 000772324  |k 20210801  |m NTMTHI 
999 |a From the UDN01 
AVA |a UDN50  |b LNN  |c English  |d 420.4 NG-M  |e available  |t Error 5001 Not defined in file expand_doc_bib_avail.  |f 1  |g 0  |h N  |i 0  |j AN  |k 1 
TYP |a Monograph 
TYP |a Printed language 
856 |y A study on linguistic features of expressions denoting love for nature in English and Vietnamese son  |l Library of UFL  |t VIEW  |x http://catalog.udn.vn:80/F?func=service&doc_library=UDN01&local_base=UDN01&doc_number=000035485&sequence=000001&line_number=0001&func_code=DB_RECORDS&service_type=MEDIA  |f TOMTAT_000011541.pdf  |e pdf  |s 000503164  |k 20210801  |m NTMTHI 
856 |y A study on linguistic features of expressions denoting love for nature in English and Vietnamese son  |l Library of UFL  |t VIEW  |x http://catalog.udn.vn:80/F?func=service&doc_library=UDN01&local_base=UDN01&doc_number=000035485&sequence=000002&line_number=0002&func_code=DB_RECORDS&service_type=MEDIA  |f LUANVAN_000011543.pdf  |e pdf  |s 000772324  |k 20210801  |m NTMTHI 
980 |a Mạng thư viện Đại học Đà Nẵng